LEADER 00864nam0-22003131i-450- 001 990001102100403321 010 $a0-201-06710-2 035 $a000110210 035 $aFED01000110210 035 $a(Aleph)000110210FED01 035 $a000110210 100 $a20000920d1987----km-y0itay50------ba 101 0 $aeng 200 1 $aAdvanced quantum mechanics$fJ.J. Sakurai 210 $aRedwood City [etc.]$cAddison-Wesley$d1987 610 0 $aTeoria dei campi 610 0 $aTeoria dello scattering 610 0 $aTeoria dei molti corpi 676 $a530.143 700 1$aSakurai,$bJun John$042607 801 0$aIT$bUNINA$gRICA$2UNIMARC 901 $aBK 912 $a990001102100403321 952 $a22A-106.002$b17601$fFI1 952 $a22A-106.003$b17602$fFI1 959 $aFI1 996 $aAdvanced quantum mechanics$9186122 997 $aUNINA DB $aING01 LEADER 01064nam0-22003371i-450- 001 990002013910403321 005 20070713130227.0 010 $a0-632-00352-9 035 $a000201391 035 $aFED01000201391 035 $a(Aleph)000201391FED01 035 $a000201391 100 $a20030910d1978----km-y0itay50------ba 101 0 $aeng 102 $aGB 105 $aa---a---101yy 200 1 $aDiversity of insect faunas$e9th Symposium of the royal entomological society, London$fL. A. Mound, N. Waloff 210 $aOxford ; London$cBlackwell Scientific Publications$d1978 215 $a204 p.$cill.$d25 cm 610 0 $aEntomologia$aDiversitą$aAspetti ecologici 676 $a595.705 24 702 1$aMound,$bLaurence A. 702 1$aWaloff,$bNadia 710 12$aSymposium royal entomological society$d<9. ;$f1977 ;$eLondon>$0492914 801 0$aIT$bUNINA$gRICA$2UNIMARC 901 $aBK 912 $a990002013910403321 952 $a61 IV A.6/38$b4606$fDAGEN 959 $aDAGEN 996 $aDiversity of insect faunas$9402207 997 $aUNINA LEADER 01114nam0-2200349---450 001 990009413570403321 005 20240201153131.0 010 $a978-3-0343-0543-3 035 $a000941357 035 $aFED01000941357 035 $a(Aleph)000941357FED01 100 $a20110901d2011----km-y0itay50------ba 101 0 $aeng 102 $aCH 105 $ay-------001yy 200 1 $aNew studies on lex regia$eright, philology and fides historica in Holland between the 17th and 18th centuries$fFabrizio Lomonaco 210 $aBern ; New York$cPeter Lang$d©2011 215 $a351 p.$d21 cm 225 1 $aStudies in early modern european culture$v5 610 0 $aDiritto$aOlanda$aSec. 17.-18. 610 0 $aLex Regia$aSec. 17-18. 676 $a190 700 1$aLomonaco,$bFabrizio$f<1959- >$04815 801 0$aIT$bUNINA$gRICA$2UNIMARC 901 $aBK 912 $a990009413570403321 952 $aP.1 FG 2312$b61098 bibl.$fFLFBC 952 $aDFT A91.2 LOMF 01$b2023/2163$fFLFBC 952 $a191 LOMF 03$b2024/551$fFLFBC 959 $aFLFBC 996 $aNew studies on lex regia$9759297 997 $aUNINA